| 000 | 01619nam0a2200373 4500 | ||
|---|---|---|---|
| 001 | RU\NLR\bibl\872682 | ||
| 005 | 20250614162458.0 | ||
| 010 |
_a5-699-10879-3 _bв пер. _95000 |
||
| 021 |
_aRU _b2005-44799 _92205 |
||
| 035 | _a(nilc)RSL-KNO-002685270 | ||
| 035 | _a(NLR Aleph) 000861295 | ||
| 090 |
_a1541552 _c1541552 |
||
| 100 | _a20050708d2005 |||y0rusy50 ca | ||
| 101 | 0 | _arus | |
| 102 | _aRU | ||
| 105 | _aa ||||||||| | ||
| 106 | _ar | ||
| 200 | 1 |
_aКомпьютер для дошколят _f[Кривич Е. Я.] |
|
| 210 |
_aМ. _cЭксмо _d2005 _eПетрозаводск _gГУП РК Респ. тип. им. П.Ф. Анохина |
||
| 215 |
_a191, [1] с. _cцв. ил. _d26 |
||
| 225 | 1 | _aПервый учебник вашего малыша | |
| 300 | _aАвт. указан на обороте тит. л. | ||
| 610 | 0 | _aКультура. Наука. Просвещение -- Народное образование. Педагогические науки -- Семейное воспитание -- Теория и практика семейного воспитания -- Российская Федерация -- Помощь семьи в обучении детей | |
| 610 | 0 | _aкомпьютерная грамотность | |
| 686 |
_aЧ491,6(2)7,0 _2rubbk |
||
| 686 |
_aШ9 _bЗ |
||
| 700 | 1 |
_aКривич _bЕ. Я. _gЕлена Яковлевна _4070 |
|
| 801 | 0 |
_aRU _bRuMoRKP _c20050708 _grcr |
|
| 801 | 1 |
_aRU _bRuMoRGB _c20050708 |
|
| 801 | 2 |
_aRU _bNLR _c20051115 _grcr |
|
| 942 | _cBOOK | ||
| 980 | _aNB | ||